00326nam a2200121Ia 4500003000400000008004100004040001600045082001800061245004400079260006500123300001100188490000500199GCL140319s9999 xx 000 0 ara d aGCL / cGCL04a892.76bن ج10aالسكرية (بالبرتغالية) a[S.N] : bالجامعة الامريكية بالقاهرة a364 ص a